000 00296nam a22001217a 4500
008 181129b xxu||||| |||| 00| 0 eng d
041 _aeng
080 _a043.3
100 _a0
101 _aBTH-SHKI
245 _aWeb aplikacioni per menaxhimin e eventeve ne Kosove
_cDautaj, F
942 _2udc
_cBK
999 _c52635
_d52635